[Event "Baku Jafarov Memorial"]
[Site "Baku"]
[Date "2022.06.27"]
[Round "3"]
[White "Abbasov, Farid"]
[Black "Valiyev, Shahin"]
[Result "1-0"]
[WhiteElo "2501"]
[BlackElo "2080"]
[PlyCount "75"]
[EventDate "2022.06.26"]
[EventType "swiss"]
[EventRounds "9"]
[EventCountry "AZE"]
[SourceTitle "EXT 2023"]
[Source "ChessBase"]
[SourceDate "2022.10.05"]
[SourceVersion "1"]
[SourceVersionDate "2022.10.05"]
[SourceQuality "1"]
[WhiteTeam "Shirvanshah"]
[BlackTeam "Garabagh"]
[WhiteTeamCountry "AZE"]
[BlackTeamCountry "AZE"]

1. c4 e6 2. d4 d5 3. Nc3 Be7 4. cxd5 exd5 5. Bf4 c6 6. e3 Bf5 7. Bd3 Bxd3 8. Qxd3 Nf6 9. Nge2 Nbd7 10. h3 0-0 11. 0-0 Re8 12. Rad1 Bf8 13. Bh2 Nb6 14. Kh1 Bd6 15. Bg1 Qe7 16. b3 a5 17. a4 Bc7 18. f3 Nc8 19. Bf2 Qe6 20. Rfe1 Nd6 21. Ng3 g6 22. e4 dxe4 23. fxe4 Nc8 24. e5 Nd5 25. Nge4 Nce7 26. Nc5 Qc8 27. Qf3 b6 28. N5e4 Qd7 29. Rf1 Rf8 30. Rc1 Rab8 31. Bg1 b5 32. Nc5 Qc8 33. axb5 Rxb5 34. N3e4 Rb4 35. g4 Rb6 36. Rc2 Qd8 37. Rcf2 Rb4 38. Ne6 1-0

[Event "AZE-ch Prelim 76th"]
[Site "Nakhchivan"]
[Date "2022.02.06"]
[Round "2"]
[White "Abbasov, Farid"]
[Black "Eynullayev, Atilla Elshan"]
[Result "1-0"]
[WhiteElo "2527"]
[BlackElo "2324"]
[PlyCount "119"]
[EventDate "2022.02.05"]
[EventType "swiss"]
[EventRounds "9"]
[EventCountry "AZE"]
[SourceTitle "CBM 206 Extra"]
[Source "ChessBase"]
[SourceDate "2022.03.31"]
[SourceVersion "1"]
[SourceVersionDate "2022.03.31"]
[SourceQuality "1"]

1. c4 Nf6 2. Nc3 e5 3. g3 d5 4. cxd5 Nxd5 5. Bg2 Nxc3 6. bxc3 Bc5 7. Qa4+ Qd7 8. Qxd7+ Nxd7 9. Nf3 0-0 10. d4 Bd6 11. a4 a5 12. Ba3 Bxa3 13. Rxa3 Re8 14. e3 Rb8 15. 0-0 b6 16. Rb1 Bb7 17. Nd2 Bxg2 18. Kxg2 Rbd8 19. Nc4 Kf8 20. Rab3 f6 21. Rb5 exd4 22. cxd4 Re6 23. Rc1 Rc6 24. g4 Re8 25. Kg3 Re4 26. Rc2 g6 27. Kf3 Re7 28. h4 Kg7 29. Kf4 Re8 30. f3 Re7 31. e4 Rf7 32. h5 Rf8 33. Ke3 g5 34. Kd3 Rd8 35. Kc3 Kf7 36. Kb3 Re6 37. Kb2 Re7 38. Ne3 Nb8 39. Rc4 Red7 40. Kc3 Na6 41. Nd5 Kg7 42. Ne3 Nb4 43. Nf5+ Kf7 44. Nh6+ Kg7 45. Nf5+ Kf7 46. Kb3 Nd3 47. Rc6 Nb4 48. Rxb4 axb4 49. d5 Rb8 50. Nd4 Rb7 51. Kxb4 Kg7 52. Nb5 Re7 53. Rc3 Rd7 54. Rc4 Kh6 55. Nd4 Kg7 56. Nc6 b5 57. axb5 Rb6 58. Kc5 Rb7 59. Ra4 Rd6 60. Ra8 1-0

[Event "AZE-ch Prelim 75th"]
[Site "Nakhchivan"]
[Date "2021.05.14"]
[Round "11"]
[White "Gadimbayli, Abdulla Azar"]
[Black "Abbasov, Farid"]
[Result "0-1"]
[WhiteElo "2470"]
[BlackElo "2528"]
[PlyCount "144"]
[EventDate "2021.05.04"]
[EventType "tourn"]
[EventRounds "11"]
[EventCountry "AZE"]
[EventCategory "11"]
[SourceTitle "CBM 202 Extra"]
[Source "ChessBase"]
[SourceDate "2021.07.31"]
[SourceVersion "1"]
[SourceVersionDate "2021.07.31"]
[SourceQuality "1"]

1. e4 e6 2. d4 d5 3. exd5 exd5 4. Nf3 Nc6 5. Nc3 Bb4 6. Bd3 Bg4 7. 0-0 Nge7 8. Be3 Qd7 9. a3 Bd6 10. Nb5 h6 11. Re1 0-0 12. h3 Bh5 13. Nxd6 Qxd6 14. g4 Bg6 15. Ne5 Bxd3 16. Qxd3 f5 17. f4 Nxe5 18. dxe5 Qe6 19. Bc5 fxg4 20. Bxe7 Qxe7 21. Qxd5+ Kh8 22. Qe4 gxh3 23. Re3 Qe6 24. Rf1 Qg4+ 25. Kh2 Rad8 26. Rf2 Rd1 27. Rg3 Qf5 28. Qxf5 Rxf5 29. Rxh3 Kg8 30. Rc3 Rd7 31. Kg3 Kf7 32. Rff3 Ke6 33. Rc4 g5 34. fxg5 Rxg5+ 35. Kh4 Kxe5 36. Re3+ Kf6 37. Rce4 Rf7 38. Rf3+ Kg7 39. Ref4 Rxf4+ 40. Rxf4 Rc5 41. c3 Kg6 42. Rf8 Rc4+ 43. Kg3 a5 44. Kf3 a4 45. Rb8 b6 46. Rg8+ Kf7 47. Rh8 Kg7 48. Re8 h5 49. Re6 Kf7 50. Rh6 Rc5 51. Rh8 Kg7 52. Ra8 Rc4 53. Rd8 Kf6 54. Rd5 Kg6 55. Re5 Rc5 56. Re7 Kg5 57. Kg3 Kf6 58. Re4 b5 59. Re8 Rc4 60. Rh8 Rg4+ 61. Kf3 Kg5 62. Rc8 Rf4+ 63. Kg2 Rc4 64. Rf8 Kg4 65. Rf7 Rc5 66. Rf6 Rd5 67. Rf2 Rd3 68. Rc2 c6 69. Re2 Kf5 70. Kh2 c5 71. Kg2 c4 72. Kh2 h4 0-1

[Event "AZE-ch Prelim 75th"]
[Site "Nakhchivan"]
[Date "2021.05.10"]
[Round "7"]
[White "Abbasov, Farid"]
[Black "Sevdimaliyev, Urfan"]
[Result "1-0"]
[WhiteElo "2528"]
[BlackElo "2371"]
[PlyCount "55"]
[EventDate "2021.05.04"]
[EventType "tourn"]
[EventRounds "11"]
[EventCountry "AZE"]
[EventCategory "11"]
[SourceTitle "CBM 202 Extra"]
[Source "ChessBase"]
[SourceDate "2021.07.31"]
[SourceVersion "1"]
[SourceVersionDate "2021.07.31"]
[SourceQuality "1"]

1. c4 e6 2. d4 Nf6 3. g3 d5 4. Bg2 dxc4 5. Nf3 a6 6. 0-0 Nc6 7. e3 Rb8 8. Qe2 b5 9. b3 cxb3 10. axb3 Be7 11. Bb2 Bb7 12. Rd1 Nb4 13. Bc3 0-0 14. Ne5 Bxg2 15. Kxg2 Qd5+ 16. f3 Qb7 17. Bxb4 Bxb4 18. Rc1 c5 19. Nd3 a5 20. dxc5 Rfc8 21. Ra2 Qd5 22. e4 Qd4 23. Rac2 Rc6 24. Rd1 g5 25. Nxb4 Qxb4 26. Qe3 h6 27. Rd4 Rxc5 28. Rxc5 1-0

[Event "AZE-ch Prelim 75th"]
[Site "Nakhchivan"]
[Date "2021.05.06"]
[Round "3"]
[White "Abbasov, Farid"]
[Black "Safarli, Eltaj"]
[Result "1/2-1/2"]
[WhiteElo "2528"]
[BlackElo "2598"]
[PlyCount "85"]
[EventDate "2021.05.04"]
[EventType "tourn"]
[EventRounds "11"]
[EventCountry "AZE"]
[EventCategory "11"]
[SourceTitle "CBM 202 Extra"]
[Source "ChessBase"]
[SourceDate "2021.07.31"]
[SourceVersion "1"]
[SourceVersionDate "2021.07.31"]
[SourceQuality "1"]

1. d4 Nf6 2. Nf3 g6 3. Bf4 Bg7 4. c3 0-0 5. Nbd2 d6 6. h3 c5 7. dxc5 dxc5 8. e4 Nc6 9. Qc2 b6 10. Be2 Nh5 11. Bh2 Bb7 12. 0-0 Bh6 13. Rfe1 Bf4 14. Bxf4 Nxf4 15. Bf1 Qc7 16. e5 Nd8 17. g3 Nh5 18. Bc4 Ne6 19. Ne4 Rad8 20. a4 Qc8 21. Kh2 Bc6 22. Nfg5 Nhg7 23. Rad1 Rxd1 24. Rxd1 Nxg5 25. Nxg5 h6 26. Nxf7 Rxf7 27. Qxg6 e6 28. f4 Be8 29. Rd6 Rxf4 30. Bxe6+ Qxe6 31. Qxe6+ Nxe6 32. gxf4 Nxf4 33. Kg3 Ng6 34. a5 bxa5 35. Ra6 Kf7 36. Rxa7+ Ke6 37. Ra6+ Kd5 38. Rxa5 Nxe5 39. b4 Nd3 40. Ra8 Bd7 41. Rd8 Ke6 42. bxc5 Nxc5 43. Rh8 1/2-1/2